000 00895nam a22002057a 4500
999 _c18646
_d18646
003 AR-CdUCM
008 190514b ||||| |||| 00| 0 spa d
040 _aMUNICIPALIDAD PROVINCIAL DEL CUSCO
_cBIBLIOTECA MUNICIPAL DEL CUSCO
082 _a519.82 /
_bF23
100 _aFarfán Machaca, Yheni
_939354
245 _aTeoría de colas y aplicaciones /
260 _aCusco :
_bModerna,
_c2009.
300 _a126 páginas ;
_bgráficos,
_c21 cm.
505 _aContenido: Teoría de colas o lineas de espera -- Medidas de eficiencia y leyes básicas en un sistema de colas -- Fases del estudio de un fenómeno de colas -- Notación de Kendall para los medios teóricos de colas -- Métodos analíticos para obtener medidas de eficiencia ...
650 _aTeoría de las colas
_939355
650 _aInvestigación
_91940
650 _aCusco
_9772
942 _2ddc
_cLIBROS
945 _aachl
_d2019-05-14